Statistics for 20 Countries with the most published books per year

Click here to take the quiz!

General Stats

  • This quiz has been taken 564 times
  • The average score is 17 of 20

Answer Stats

HintAnswer% Correct
304,912United States
99%
184,000United Kingdom
99%
440,000China
98%
41,902France
98%
101,981Russia
97%
82,048Germany
97%
61,966Italy
95%
44,000Spain
95%
90,000India
94%
82,589Japan
93%
20,792Brazil
93%
19,900Canada
92%
28,234Australia
90%
28,010Argentina
78%
24,000Indonesia
78%
47,589South Korea
77%
43,100Turkey
75%
28,322Iran
65%
24,589Vietnam
49%
28,084Taiwan
45%

Score Distribution

Percentile by Number Answered

Percent of People with Each Score

Your Score History

You have not taken this quiz